| 000 | 01014nam a2200289 a 4500 | ||
|---|---|---|---|
| 001 | 000000075 | ||
| 003 | DO-SdBNP | ||
| 005 | 20230201144000.0 | ||
| 007 | ta | ||
| 008 | 090130s2001 dr 001 0 spa d | ||
| 020 | _a9993402192 | ||
| 020 | _a9789993402190 | ||
| 040 |
_aDO-SdBNP _bspa _cBNPHU |
||
| 082 | 4 |
_a291.44 _bG633c, 2001 _222 |
|
| 100 | 1 |
_aGómez Ricourt, Rafaela _9267 |
|
| 245 | 1 | 0 |
_aUn camino hacia vida eterna / _cRafaela Gómez Ricourt. |
| 250 | _a6a ed. | ||
| 260 |
_aSanto Domingo : _bMolinaga, _c2001. |
||
| 300 |
_a130 p. ; _c21 cm. |
||
| 505 | 0 | _aIntroducción -- Capítulo I. Alma y espíritu -- Capítulo II. El poder de Dios -- Capítulo III. La oración -- Capítulo IV. Santidad -- Capítulo V. Revelaciones y visiones -- Capítulo VI. Testimonios -- Conclusión -- Bibliografía. | |
| 590 | _aInventariado, 2022 /LP | ||
| 650 | 4 |
_aVida espiritual _xFe _9271 |
|
| 650 | 4 |
_aAlma _9269 |
|
| 650 | 4 |
_aOración _9270 |
|
| 910 | _aValidado. Control de calidad. MAA | ||
| 942 |
_2ddc _cLBS1 |
||
| 999 |
_c75 _d75 |
||